Advantage of using a high dispersible silica in terms of mixing and formulation costs: Paper presented at the ITEC`96, Ohio, September 10-12, 1996 (Record no. 41067)

MARC details
000 -LEADER
fixed length control field 00380nam a2200109Ia 4500
082 ## - DEWEY DECIMAL CLASSIFICATION NUMBER
Classification number NR:62:678.046.36
Item number BOM
100 ## - MAIN ENTRY--AUTHOR NAME
Personal name Bomo, F
245 #0 - TITLE STATEMENT
Title Advantage of using a high dispersible silica in terms of mixing and formulation costs: Paper presented at the ITEC`96, Ohio, September 10-12, 1996
260 ## - PUBLICATION, DISTRIBUTION, ETC. (IMPRINT)
Place of publication Akron
Year of publication 1996
942 ## - ADDED ENTRY ELEMENTS (KOHA)
Koha item type Books
Holdings
Withdrawn status Lost status Damaged status Not for loan Home library Current library Date acquired Cost, normal purchase price Full call number Accession Number Koha item type
        RRII Library RRII Library 16/12/2021 300.00 NR:62:678.046.36 BOM 21359 Books